[Event "Challenge"]
[Site "http://www.queenalice.com/game.php?id=160673"]
[Date "2007.1.29"]
[Round "-"]
[White "Chessmachado"]
[Black "XtremeLM"]
[Result "0-1"]
[WhiteElo "1748"]
[BlackElo "1637"]

1. e4 c5 2. f4 d5 3. e5 Nc6 4. Bb5 Bd7 5. Nf3 Nxe5 6. Be2 Nxf3+ 7. Bxf3 Nf6 8.
c4 e6 9. O-O Bd6 10. d3 O-O 11. Nc3 Bc6 12. Re1 Qc7 13. g3 a6 14. a4 dxc4 15.
Bxc6 Qxc6 16. dxc4 Rfd8 17. Qc2 Bc7 18. Be3 Ba5 19. Rad1 Rxd1 20. Rxd1 Bxc3 21.
bxc3 b6 22. h3 Qf3 23. Bf2 Ne4 24. Qd3 Qxf2+ 0-1

[Event "Challenge"]
[Site "http://www.queenalice.com/game.php?id=160674"]
[Date "2007.1.29"]
[Round "-"]
[White "Mikalus"]
[Black "Chessmachado"]
[Result "0-1"]
[WhiteElo "1714"]
[BlackElo "1727"]

1. e4 e6 2. d4 d5 3. e5 c5 4. Nf3 cxd4 5. Nxd4 Nc6 6. Bb5 Bd7 7. Nc3 Nxe5 8. Bf4
Bd6 9. Bxe5 Bxe5 10. Bxd7+ Qxd7 11. Qg4 Ne7 12. O-O O-O 13. Rfe1 Ng6 14. Nf3
Bxc3 15. bxc3 Rac8 16. Re3 Rc4 17. Qh5 Rfc8 18. Ng5 h6 19. Nf3 Qa4 20. h3 Rxc3
21. Rxc3 Rxc3 22. Ne5 Nxe5 23. Qxe5 Rc8 24. Qb2 b6 25. Re1 Rxc2 0-1

[Event "Challenge"]
[Site "http://www.queenalice.com/game.php?id=162827"]
[Date "2007.2.2"]
[Round "-"]
[White "TheBooth"]
[Black "Chessmachado"]
[Result "1-0"]
[WhiteElo "1748"]
[BlackElo "1741"]

1. d4 Nf6 2. Nc3 d5 3. Bg5 Nbd7 4. Nf3 e6 5. e4 Bb4 6. e5 h6 7. exf6 hxg5 8.
fxg7 Bxc3+ 9. bxc3 Rg8 10. h4 g4 11. Ng5 Rxg7 12. Qxg4 Nb6 13. Qf3 Qe7 14. a3
Bd7 15. Qh5 O-O-O 16. Bd3 f6 17. Nf3 Rxg2 18. Kf1 Rdg8 19. Rh2 Be8 20. Qh6 Rxh2
21. Nxh2 Qg7 22. Qxg7 Rxg7 23. Re1 Kd7 24. Bb5+ c6 25. Be2 Kd6 26. Bg4 Bd7 27.
h5 Nc4 28. a4 a5 29. Kg2 f5 30. Kh3 fxg4+ 31. Nxg4 Nd2 32. Nf6 Nf3 33. h6 Rf7
34. Nxd7 Kxd7 35. Re3 Ng5+ 36. Kh4 Nh7 37. Kh5 Ke7 38. Kg6 Nf6 39. Rf3 Kf8 40.
Rxf6 Rxf6+ 41. Kxf6 Kg8 42. Kxe6 b5 43. axb5 cxb5 44. f4 a4 45. f5 a3 46. f6 a2
47. f7+ Kf8 48. h7 Kg7 49. f8=Q+ 1-0

[Event "Challenge"]
[Site "http://www.queenalice.com/game.php?id=162830"]
[Date "2007.2.2"]
[Round "-"]
[White "yo_soy_lo_mejor"]
[Black "Chessmachado"]
[Result "1-0"]
[WhiteElo "1831"]
[BlackElo "1754"]

1. e4 c5 2. Nf3 d6 3. d4 cxd4 4. Nxd4 Nf6 5. Nc3 e5 6. Nb3 Be6 7. a4 Nbd7 8. Bg5
Qb6 9. a5 Qc7 10. Bb5 Be7 11. Nd5 Nxd5 12. exd5 Bf5 13. Bxe7 Kxe7 14. c3 a6 15.
Bd3 Bxd3 16. Qxd3 Nc5 17. Nxc5 Qxc5 18. O-O Rac8 19. Kh1 g6 20. f4 Qc4 21. Qg3
Qxd5 22. fxe5 dxe5 23. Qg5+ Ke6 24. Qf6+ Kd7 25. Rad1 Qxd1 26. Rxd1+ Ke8 27.
Qxh8+ 1-0

[Event "Challenge"]
[Site "http://www.queenalice.com/game.php?id=168788"]
[Date "2007.2.14"]
[Round "-"]
[White "Chessmachado"]
[Black "ENDHER"]
[Result "0-1"]
[WhiteElo "1728"]
[BlackElo "2326"]

1. e4 e5 2. Nf3 Nc6 3. Bb5 a6 4. Bxc6 dxc6 5. d4 Bg4 6. dxe5 Qxd1+ 7. Kxd1
O-O-O+ 8. Ke2 Re8 9. Bf4 f6 10. exf6 Rxe4+ 11. Kd3 Rxf4 12. Nbd2 Nxf6 13. Rhe1
Bf5+ 14. Kc3 Nd5+ 15. Kb3 Rb4+ 16. Ka3 Bxc2 17. b3 Rxb3+ 0-1

[Event "Challenge"]
[Site "http://www.queenalice.com/game.php?id=168792"]
[Date "2007.2.14"]
[Round "-"]
[White "Chessmachado"]
[Black "OrlandoRochaFilho"]
[Result "0-1"]
[WhiteElo "1743"]
[BlackElo "2212"]

1. e4 c5 2. Nf3 d6 3. d4 cxd4 4. Nxd4 Nf6 5. Nc3 a6 6. Bc4 e6 7. f3 Nbd7 8. Bg5
Be7 9. Qe2 b5 10. Bd3 Bb7 11. a3 O-O 12. O-O-O Rc8 13. h4 Rxc3 14. bxc3 Qa5 15.
Kb2 d5 16. Ra1 Nc5 17. e5 Na4+ 18. Kc1 Qxc3 19. Ra2 Bxa3+ 20. Kd1 Qb4 21. Rxa3
Nb2+ 22. Kc1 Qxa3 23. exf6 Qa1+ 24. Kd2 Qxh1 25. fxg7 Rc8 26. g4 Nxd3 27. Qxd3
Qh2+ 28. Ke3 e5 29. Nf5 d4+ 30. Nxd4 exd4+ 31. Qxd4 Qg1+ 32. Kd3 Qd1+ 0-1

[Event "Challenge"]
[Site "http://www.queenalice.com/game.php?id=168794"]
[Date "2007.2.14"]
[Round "-"]
[White "Chessmachado"]
[Black "pawelszwarc"]
[Result "0-1"]
[WhiteElo "1710"]
[BlackElo "2139"]

1. e4 c5 2. Nf3 d6 3. d4 cxd4 4. Nxd4 Nf6 5. Nc3 a6 6. Bc4 e6 7. f3 b5 8. Bd3 b4
9. Nce2 e5 10. Nb3 Be6 11. O-O Qb6+ 12. Kh1 Nc6 13. a4 Be7 14. a5 Qa7 15. Bd2 d5
16. exd5 Nxd5 17. c4 bxc3 18. Nxc3 Ndb4 19. Be4 O-O 20. Na2 Rab8 21. Nxb4 Nxb4
22. Rc1 Na2 23. Ra1 Bxb3 24. Qb1 Rfd8 25. Bxh7+ Kh8 26. Bc3 Nxc3 27. bxc3 Bc4
28. Qe4 Bxf1 29. Rxf1 Rb2 30. Bf5 Qf2 0-1

[Event "Challenge"]
[Site "http://www.queenalice.com/game.php?id=168797"]
[Date "2007.2.14"]
[Round "-"]
[White "Chessmachado"]
[Black "Reddaz"]
[Result "0-1"]
[WhiteElo "1728"]
[BlackElo "1919"]

1. e4 c5 2. Nf3 d6 3. d4 cxd4 4. Nxd4 Nc6 5. Be3 e5 6. Nf3 Nf6 7. Nc3 Be7 8. Bb5
Bd7 9. h3 a6 10. Ba4 b5 11. Bb3 b4 12. Nd5 Nxe4 13. Nxe7 Qxe7 14. Qd3 Bf5 15.
Qc4 Qd7 16. O-O-O Na5 17. Qxb4 Nxb3+ 18. Qxb3 O-O 19. Ng5 Rab8 20. Qc4 Nxg5 21.
Bxg5 Be6 22. Qd3 Bxa2 23. b3 Qc7 24. Qxd6 Qa5 25. Kb2 Rfc8 26. Rd5 Qc3+ 27. Kxa2
h6 28. Rc1 hxg5 29. Qxe5 Rxb3 30. Qxc3 Rbxc3 31. Rd2 a5 0-1

[Event "Challenge"]
[Site "http://www.queenalice.com/game.php?id=179558"]
[Date "2007.3.10"]
[Round "-"]
[White "Chessmachado"]
[Black "ENDHER"]
[Result "0-1"]
[WhiteElo "1727"]
[BlackElo "2287"]

1. e4 e5 2. Nf3 Nc6 3. Bb5 a6 4. Bxc6 dxc6 5. h3 Bd6 6. d4 Nf6 7. Bg5 exd4 8.
Qxd4 h6 9. Bh4 g5 10. Bg3 Bxg3 11. fxg3 Qxd4 12. Nxd4 Nxe4 13. g4 Ng3 14. Rg1 f5
15. gxf5 Nxf5 16. c3 O-O 17. Na3 Nxd4 18. cxd4 Be6 19. b3 Bd5 20. Nc4 Rae8+ 21.
Ne5 c5 22. Kd2 cxd4 23. Rae1 Rf2+ 0-1

[Event "Challenge"]
[Site "http://www.queenalice.com/game.php?id=179560"]
[Date "2007.3.10"]
[Round "-"]
[White "Chessmachado"]
[Black "jablonski"]
[Result "1-0"]
[WhiteElo "1725"]
[BlackElo "1656"]

1. e4 e5 2. Nf3 Bd6 3. Bc4 h6 4. Nc3 Nf6 5. d3 O-O 6. Be3 a6 7. h3 Nc6 8. Qd2
Be7 9. Bxh6 gxh6 10. Qxh6 Nh7 11. h4 Bb4 12. a3 Bxc3+ 13. bxc3 d6 14. Ng5 Qf6
15. Qxh7# 1-0

[Event "Challenge"]
[Site "http://www.queenalice.com/game.php?id=179562"]
[Date "2007.3.10"]
[Round "-"]
[White "Chessmachado"]
[Black "saraquette"]
[Result "0-1"]
[WhiteElo "1727"]
[BlackElo "1737"]

1. e4 c5 2. Nf3 a6 3. c3 d6 4. h3 e5 5. d4 Nc6 6. dxe5 h6 7. exd6 Bxd6 8. Bc4
Be6 9. Bxe6 fxe6 10. Be3 Nf6 11. Qd3 Qe7 12. Nbd2 Nd7 13. Nc4 Bc7 14. O-O-O
O-O-O 15. Qc2 b5 16. Ncd2 c4 17. Nd4 Kb7 18. N2f3 Nce5 19. Nxe5 Nxe5 20. f4 Nd3+
21. Rxd3 cxd3 22. Qxd3 e5 23. fxe5 Qxe5 24. Qc2 Rde8 25. Re1 Qxe4 26. Qd2 Re7
27. Bf2 Bf4 28. Kd1 Bxd2 29. Rxe4 Rxe4 30. Kxd2 Rf8 31. Nf3 g5 32. Nd4 Rxf2+ 0-1

[Event "Challenge"]
[Site "http://www.queenalice.com/game.php?id=179563"]
[Date "2007.3.10"]
[Round "-"]
[White "Chessmachado"]
[Black "Prufrock"]
[Result "0-1"]
[WhiteElo "1741"]
[BlackElo "1800"]

1. e4 c5 2. Nf3 Nc6 3. Bb5 d6 4. Bxc6+ bxc6 5. c4 Nf6 6. Nc3 e5 7. d3 Bg4 8. h3
Bxf3 9. Qxf3 Be7 10. Bg5 O-O 11. O-O-O Rb8 12. h4 Qb6 13. b3 h6 14. Bxf6 Bxf6
15. g4 Qb4 16. Kc2 Rfd8 17. g5 hxg5 18. hxg5 Bxg5 19. Rh5 Bh6 20. Rg1 Kf8 21.
Qf5 a5 22. Rh3 Qa3 23. f4 a4 24. Rb1 axb3+ 25. axb3 Bxf4 26. Rh8+ Ke7 27. Rh7
Rxb3 28. Rxb3 Qc1# 0-1

[Event "Challenge"]
[Site "http://www.queenalice.com/game.php?id=179568"]
[Date "2007.3.10"]
[Round "-"]
[White "jablonski"]
[Black "Chessmachado"]
[Result "1-0"]
[WhiteElo "1811"]
[BlackElo "1713"]

1. e4 c5 2. Bc4 e6 3. Nf3 Nc6 4. O-O d6 5. Nc3 Nf6 6. Bb5 Bd7 7. d3 h6 8. Bc4
Na5 9. Be3 Be7 10. d4 cxd4 11. Qxd4 Nxc4 12. Qxc4 Rc8 13. Qd4 b6 14. e5 dxe5 15.
Nxe5 O-O 16. Nxd7 Qxd7 17. Qxd7 Nxd7 18. Rfd1 Rfd8 19. Rd3 Nc5 20. Rxd8+ Rxd8
21. Rd1 Rxd1+ 22. Nxd1 Bf6 23. b3 Ne4 24. Bf4 a6 25. Bc7 b5 26. Ne3 g6 27. Ng4
Bg7 28. f3 Nc3 29. a3 h5 30. Ne5 Nd5 31. Bd6 Ne3 32. c4 Bxe5 33. Bxe5 bxc4 34.
b4 Nc2 35. Bb2 f5 36. Kf2 Kf7 37. f4 Ke7 38. Ke2 Kd6 39. Kd2 Nxa3 40. Bxa3 Kc6
41. h4 Kd5 42. Kc3 Ke4 43. Bc1 Kd5 44. Bd2 a5 45. bxa5 Kc5 46. a6 Kb6 47. Kxc4
Kxa6 48. Kc5 1-0

[Event "AUTO-ADV-447"]
[Site "http://www.queenalice.com/game.php?id=187997"]
[Date "2007.3.26"]
[Round "1"]
[White "Sidav"]
[Black "Chessmachado"]
[Result "1-0"]
[WhiteElo "1998"]
[BlackElo "1710"]

1. d4 d5 2. c4 dxc4 3. Nf3 Nf6 4. Nc3 e6 5. e4 Bb4 6. Bg5 O-O 7. e5 h6 8. Bh4
Nbd7 9. Bxc4 g5 10. Nxg5 hxg5 11. Bxg5 Be7 12. exf6 Bxf6 13. Qg4 Bxg5 14. h4 Nb6
15. Bd3 e5 16. Qh5 Re8 17. hxg5 exd4+ 18. Ne2 Kf8 19. Qh8+ Ke7 20. Qf6+ Kf8 21.
Rh8# 1-0

[Event "AUTO-ADV-447"]
[Site "http://www.queenalice.com/game.php?id=187998"]
[Date "2007.3.26"]
[Round "1"]
[White "Chessmachado"]
[Black "Sidav"]
[Result "0-1"]
[WhiteElo "1731"]
[BlackElo "2061"]

1. e4 e6 2. d4 c5 3. c3 d5 4. e5 Nc6 5. Nf3 Bd7 6. Bb5 Nxe5 7. Bxd7+ Nxd7 8. Bf4
Ngf6 9. Nbd2 Qb6 10. Qc2 Rc8 11. Qb3 Qxb3 12. Nxb3 Ne4 13. Rc1 Bd6 14. Bxd6 Nxd6
15. O-O Nc4 16. Rc2 O-O 17. Nfd2 cxd4 18. Nxd4 a6 19. Nxc4 Rxc4 20. b3 Rc7 21.
Rfc1 Rfc8 22. f4 Nc5 23. f5 e5 24. Ne2 Ne4 25. c4 b5 26. Nc3 Nxc3 27. Rxc3 bxc4
28. bxc4 Rxc4 29. Rxc4 Rxc4 30. Re1 f6 31. Rd1 d4 32. Rb1 h6 33. h3 Rc2 0-1

[Event "AUTO-ADV-447"]
[Site "http://www.queenalice.com/game.php?id=188009"]
[Date "2007.3.26"]
[Round "1"]
[White "VictorCoruja"]
[Black "Chessmachado"]
[Result "0-1"]
[WhiteElo "1675"]
[BlackElo "1717"]

1. d4 d5 2. Nf3 Bf5 3. c4 e6 4. Nc3 Bb4 5. Bg5 f6 6. Bh4 Nd7 7. e3 Ne7 8. a3
Bxc3+ 9. bxc3 c6 10. cxd5 cxd5 11. Qb3 Qb6 12. Qxb6 Nxb6 0-1

[Event "AUTO-ADV-447"]
[Site "http://www.queenalice.com/game.php?id=188010"]
[Date "2007.3.26"]
[Round "1"]
[White "Chessmachado"]
[Black "VictorCoruja"]
[Result "1-0"]
[WhiteElo "1701"]
[BlackElo "1691"]

1. e4 e6 2. d4 d5 3. Nc3 Bb4 4. e5 c5 5. Bb5+ Bd7 6. Bxd7+ Nxd7 7. Ne2 cxd4 8.
Qxd4 Qb6 9. Be3 Bc5 10. Qf4 Bxe3 11. Qxe3 Qxe3 12. fxe3 Nxe5 13. O-O Nf6 14.
Rad1 Nc4 15. Rxf6 gxf6 16. e4 1-0

[Event "AUTO-ADV-447"]
[Site "http://www.queenalice.com/game.php?id=188015"]
[Date "2007.3.26"]
[Round "1"]
[White "Guilherme_Ottoni"]
[Black "Chessmachado"]
[Result "1-0"]
[WhiteElo "1724"]
[BlackElo "1725"]

1. e4 c5 2. Nf3 d6 3. d4 cxd4 4. Nxd4 Nf6 5. Nc3 e5 6. Nb3 Be6 7. f4 Nc6 8. f5
Bxb3 9. axb3 a6 10. Bc4 Be7 11. Nd5 Nxd5 12. Bxd5 Qc7 13. Be3 O-O 14. O-O Nb4
15. c4 Nxd5 16. Qxd5 Qc6 17. Qd3 Rfc8 18. g4 h6 19. Kg2 Bg5 20. Bxg5 hxg5 21.
Rad1 Rd8 22. Rf2 Rd7 23. Rfd2 Rad8 24. Qd5 Qxd5 25. Rxd5 b6 26. b4 Kf8 27. Kg3
f6 28. b3 Ke7 29. h4 Rc7 30. hxg5 fxg5 31. Rh1 b5 32. Rh7 Kf6 33. c5 Rcd7 34.
Rh3 dxc5 35. Rxd7 Rxd7 36. bxc5 b4 37. Kf2 Rc7 38. Rd3 Rxc5 39. Rd6+ Kf7 40.
Rxa6 Rc3 41. Re6 Rxb3 42. Rxe5 Rc3 43. Rb5 b3 44. e5 Rc2+ 45. Kf3 Rc3+ 46. Ke4
g6 47. e6+ Ke7 48. Rb7+ Kf6 49. Rf7# 1-0

[Event "AUTO-ADV-447"]
[Site "http://www.queenalice.com/game.php?id=188016"]
[Date "2007.3.26"]
[Round "1"]
[White "Chessmachado"]
[Black "Guilherme_Ottoni"]
[Result "1/2-1/2"]
[WhiteElo "1709"]
[BlackElo "1740"]

1. e4 e6 2. d4 d5 3. Nc3 Nf6 4. Bg5 Bb4 5. e5 h6 6. exf6 hxg5 7. fxg7 Rg8 8. Qd3
Qf6 9. Ne2 Qxg7 10. a3 Bxc3+ 11. Nxc3 b6 12. g3 Ba6 13. Qe3 Bxf1 14. Rxf1 Nd7
15. Ne2 Qh7 16. O-O-O c5 17. c3 cxd4 18. Nxd4 Nc5 19. Qe2 f6 20. Qc2 Qxh2 21.
Rh1 Qg2 22. Rdg1 Qe4 23. Re1 Qxc2+ 24. Kxc2 e5 25. Nc6 Kf7 26. b4 Ne6 27. Rh7+
Rg7 28. Nxe5+ fxe5 29. Rxg7+ Nxg7 30. Rxe5 Re8 31. Rxd5 Re2+ 32. Kb3 Rxf2 33.
Rxg5 Rf3 34. g4 Rf4 35. Rd5 Ke6 36. Rg5 Kf6 37. Rd5 Rxg4 38. Rd7 Re4 39. Rxa7
Re7 40. Ra8 Ke5 41. Rb8 Re6 42. a4 Ne8 43. a5 bxa5 44. bxa5 Nc7 45. Rb7 Rc6 46.
Kb4 Kd6 47. c4 Na6+ 48. Kb5 Nc7+ 49. Rxc7 Rxc7 50. a6 Rxc4 51. a7 Rc8 52. Kb6
Ra8 1/2-1/2